Game of Thrones Main Characters Quiz Stats

Quiz not verified by Sporcle

Also try: Let Me Hug You, TV
Challenge
Share
Tweet
Embed
Score 0/43 Timer 10:00
0 Plays Today
Actor Character % Correct
Maisie WilliamsArya Stark
99.8%
Nikolaj Coster-WaldauJaime Lannister
99.6%
Kit HaringtonJon Snow
99.6%
Peter DinklageTyrion Lannister
99.5%
Lena HeadeyCersei Lannister
99.5%
Sophie TurnerSansa Stark
99.5%
Sean BeanEddard Stark
99.5%
Emilia ClarkeDaenerys Targaryen
99.3%
Alfie AllenTheon Greyjoy/Reek
98.6%
Aidan GillenPetyr Baelish
98.2%
Isaac Hempstead-WrightBrandon Stark
97.7%
Michelle FairleyCatelyn Tully
97.7%
Jack GleesonJoffrey Baratheon
97.3%
Richard MaddenRobb Stark
97.2%
Natalie DormerMargaery Tyrell
97.2%
Charles DanceTywin Lannister
96.8%
Rory McCannSandor Clegane
96.4%
Mark AddyRobert Baratheon
95.4%
Carice van HoutenMelisandre
94.8%
Iain GlenJorah Mormont
94.8%
Conleth HillVarys
94.5%
Jason MomoaDrogo
94.3%
Actor Character % Correct
Liam CunninghamDavos Seaworth
94%
Stephen DillaneStannis Baratheon
93.3%
Gwendoline ChristieBrienne of Tarth
93.1%
Iwan RheonRamsay Bolton
92.4%
Rose LeslieYgritte
91.8%
John BradleySamwell Tarly
90.9%
Jerome FlynnBronn of the Blackwater
88.5%
Nathalie EmmanuelMissandei
86.9%
Sibel KekilliShae
85.4%
Dean-Charles ChapmanTommen Baratheon
85.1%
Hannah MurrayGilly
83.7%
Jonathan PryceHigh Sparrow
83.3%
Kristofer HivjuTormund Giantsbane
82.1%
Indira VarmaEllaria Sand
81%
Harry LloydViserys Targaryen
80.1%
Joe DempsieGendry
79.9%
Michael McElhattonRoose Bolton
78.7%
Michiel HuismanDaario Naharis
77.4%
Oona ChaplinTalisa Maegyr
76.2%
Tom WlaschihaJaqen H'ghar
74.1%
James CosmoJeor Mormont
73%

You're not logged in!

Compare scores with friends on all Sporcle quizzes.
Join for Free
OR
Log In

You Might Also Like...

Show Comments

Extras

Top Quizzes Today


Score Distribution

Your Account Isn't Verified!

In order to create a playlist on Sporcle, you need to verify the email address you used during registration. Go to your Sporcle Settings to finish the process.

Report this User

Report this user for behavior that violates our Community Guidelines.

Details: